01197nam a2200265 a 4500001001200000003000800012006001900020007001500039008004100054010001700095020001500112040002100127035002100148050002300169082001500192245025100207260005500458300002400513504004100537533015200578650002900730655002900759710001700788856012600805ebr10057051CaPaEBRm u cr cn|||||||||941019s1995 dcua sb 000 0 eng  z 94069235  z0309051924 aCaPaEBRcCaPaEBR a(OCoLC)61473714114aTS183b.U53 1995eb04a670.4222000aUnit manufacturing processesh[electronic resource] :bissues and opportunities in research /cUnit Manufacturing Process Research Committee, Manufacturing Studies Board, Commission on Engineering and Technical Systems, National Research Council. aWashington, D.C. :bNational Academy Press,c1995. axiv, 212 p. :bill. aIncludes bibliographical references. aElectronic reproduction.bPalo Alto, Calif. :cebrary,d2013.nAvailable via World Wide Web.nAccess may be limited to ebrary affiliated libraries. 0aManufacturing processes. 7aElectronic books.2local2 aebrary, Inc.40uhttp://site.ebrary.com/lib/rucke/Doc?id=10057051zAn electronic book accessible through the World Wide Web; click to view